000 00672nam a2200217Ia 4500
001 15468
003 GE_BSU
008 181216s||||||||xx |||||||||||||| ||und||
040 _cGE_BSU
080 _a821.353.1-94
100 _aჩხაიძე,ალექსანდრე
245 _aჩემი წილი საუკუნე
245 _cრედ.ა.ზამბახიძე. მხატვ. გ.გუჯაბიძე
260 _aთბილისი
260 _bაჭარა
260 _c1998
300 _a492გვ.ილ.20სმ.
541 _h10ლ.
653 _aჩემი წილი საუკუნე
942 _cBK
999 _c48569
_d48569